| Art - Music/Opera | 8 | 16.25 | 75% | 13% | 75% |
| Art - Other | 6 | 16.67 | 50% | 83% | 33% |
| Art - Painting/Sculpture | 7 | 21.43 | 86% | 71% | 57% |
| Art - Visual | 3 | 13.33 | 67% | 0% | 67% |
| Current Events/Modern World - Mixed/Any | 1 | 30.00 | 100% | 100% | 100% |
| Current Events/Modern World - Rest of world political | 1 | 10.00 | 0% | 100% | 0% |
| Current Events/Modern World - Rest of world social | 1 | 10.00 | 100% | 0% | 0% |
| Current Events/Modern World - Western social | 1 | 0.00 | 0% | 0% | 0% |
| Geography - Non-U.S. Americas | 1 | 30.00 | 100% | 100% | 100% |
| Geography - Oceania/Pacific | 1 | 30.00 | 100% | 100% | 100% |
| Geography - United States | 1 | 30.00 | 100% | 100% | 100% |
| History - American | 8 | 21.25 | 88% | 63% | 63% |
| History - European | 7 | 20.00 | 86% | 29% | 86% |
| History - Other | 7 | 17.14 | 71% | 57% | 43% |
| History - World | 8 | 18.75 | 63% | 50% | 75% |
| Literature - American any | 1 | 30.00 | 100% | 100% | 100% |
| Literature - American long fiction | 4 | 22.50 | 100% | 75% | 50% |
| Literature - American poetry | 3 | 23.33 | 100% | 100% | 33% |
| Literature - British any | 1 | 30.00 | 100% | 100% | 100% |
| Literature - British long fiction | 3 | 20.00 | 100% | 67% | 33% |
| Literature - British poetry | 2 | 20.00 | 100% | 50% | 50% |
| Literature - British short fiction | 2 | 15.00 | 100% | 0% | 50% |
| Literature - European any | 1 | 20.00 | 100% | 100% | 0% |
| Literature - European drama | 1 | 30.00 | 100% | 100% | 100% |
| Literature - European long fiction | 6 | 18.33 | 33% | 67% | 83% |
| Literature - European poetry | 2 | 20.00 | 50% | 100% | 50% |
| Literature - European short fiction | 1 | 30.00 | 100% | 100% | 100% |
| Literature - World/Misc any | 2 | 20.00 | 100% | 0% | 100% |
| Literature - World/Misc drama | 1 | 10.00 | 0% | 0% | 100% |
| Literature - World/Misc long fiction | 3 | 20.00 | 100% | 0% | 100% |
| Literature - World/Misc poetry | 2 | 20.00 | 100% | 50% | 50% |
| Literature - World/Misc short fiction | 1 | 20.00 | 100% | 0% | 100% |
| Mythology - Egyptian | 1 | 20.00 | 0% | 100% | 100% |
| Mythology - Greco/Roman | 5 | 16.00 | 60% | 40% | 60% |
| Mythology - Mixed/Any | 2 | 20.00 | 50% | 50% | 100% |
| Mythology - Norse | 1 | 30.00 | 100% | 100% | 100% |
| Other Academic/Cross-Category - Any | 2 | 25.00 | 100% | 50% | 100% |
| Philosophy - 20th century | 2 | 20.00 | 50% | 50% | 100% |
| Philosophy - Ancient | 1 | 10.00 | 100% | 0% | 0% |
| Philosophy - Enlightenment | 2 | 20.00 | 50% | 100% | 50% |
| Philosophy - Medieval | 1 | 30.00 | 100% | 100% | 100% |
| Philosophy - Mixed/Any | 2 | 15.00 | 0% | 100% | 50% |
| Philosophy - Pre-20th | 2 | 20.00 | 50% | 50% | 100% |
| Religion - Christianity/Judaism | 4 | 22.50 | 75% | 100% | 50% |
| Religion - Hinduism | 1 | 20.00 | 0% | 100% | 100% |
| Religion - Islam | 1 | 10.00 | 0% | 0% | 100% |
| Religion - Mixed/Any | 2 | 25.00 | 50% | 100% | 100% |
| Science - Astronomy | 1 | 10.00 | 100% | 0% | 0% |
| Science - Biology | 10 | 25.00 | 90% | 80% | 80% |
| Science - Chemistry | 8 | 18.75 | 75% | 63% | 50% |
| Science - Compsci | 2 | 25.00 | 100% | 100% | 50% |
| Science - Earth | 1 | 20.00 | 0% | 100% | 100% |
| Science - Other | 4 | 27.50 | 75% | 100% | 100% |
| Science - Physics | 11 | 22.73 | 91% | 73% | 64% |
| Social Science - Economics | 3 | 23.33 | 33% | 100% | 100% |
| Social Science - Law | 1 | 20.00 | 100% | 100% | 0% |
| Social Science - Mixed/Any | 2 | 20.00 | 50% | 50% | 100% |
| Social Science - Psychology | 2 | 30.00 | 100% | 100% | 100% |